Recenzie
Recenzia na knihu Porvazník, Ján: Celostný manažment (Piliere kompetentnosti v riadení), Bratislava, SPRINT 1999, 494 s. Manažérska literatúra na slovenskom knižnom trhu. Význam a náplň monografie J. Porvazníka. Členenie knihy a obsah jednotlivých kapitol.
Na minha lista:
| Autor principal: | |
|---|---|
| Formato: | Capítulo de Livro |
| Idioma: | eslovaco |
| Assuntos: | |
| Tags: |
Sem tags, seja o primeiro a adicionar uma tag!
|
MARC
| LEADER | 00000naa a2200000 4500 | ||
|---|---|---|---|
| 001 | r037386 | ||
| 005 | 20230918123239.5 | ||
| 041 | 0 | |a slo | |
| 044 | |a SK | ||
| 245 | 1 | 0 | |a Recenzie |c Miroslav Tuma |
| 520 | |a Recenzia na knihu Porvazník, Ján: Celostný manažment (Piliere kompetentnosti v riadení), Bratislava, SPRINT 1999, 494 s. Manažérska literatúra na slovenskom knižnom trhu. Význam a náplň monografie J. Porvazníka. Členenie knihy a obsah jednotlivých kapitol. | ||
| 610 | 2 | 0 | |a manažment |
| 610 | 2 | 0 | |a riadenie |
| 610 | 2 | 0 | |a proces pracovný |
| 610 | 2 | 0 | |a manažéri |
| 610 | 2 | 0 | |a komunikácia manažérska |
| 610 | 2 | 0 | |a metódy riadenia |
| 610 | 2 | 0 | |a knihy |
| 610 | 2 | 0 | |a recenzie |
| 100 | 1 | |a Tuma, Miroslav | |